000 01154nam a2200325Ia 4500
001 18298
003 IT-RoPAU
008 130308s9999 xx 000 0 und d
040 _aIT-RoPAU
040 _cIT-RoPAU
041 _aFRANCESE
100 _aMoreau Marie-Louise
100 _gCodice Aut. SPICS: 12885
245 _aAcquisition du langage (L')
245 _bAcquisition Du Langage (L')
250 _a1a ed.
260 _aBRUXELLES
260 _bMardaga Pierre
260 _c1981 [1° Ed.:1981 - Ed.Ling.Originale:1981]
300 _a"262 p. (prefazione: no ; testo: 262)"
500 _aAcquisizione del Linguaggio prospettive Teoriche Metodi Condizioni biologiche Dello Sviluppo Linguistico Evoluzione delle Acquisizioni Apprendimento della Comunicazione ruolo Dell Ambiente per l'apprendimento Linguaggio e Conoscenza Linguaggio e regolamentazione delle Azioni Sviluppo del Linguaggio e Formazione Costruzione della Persona
650 _aLINGUISTICA
650 _eCodice materia Spics: 3201
700 _aRichelle Marc
700 _gCodice Aut. SPICS: 12938
942 _cBK
957 _71
999 _c65473
_d65473
999 _bSI
999 _g1